Yodel king of hindi films (Record no. 241301)
[ view plain ]
| 000 -LEADER | |
|---|---|
| fixed length control field | 01159nam a22002177a 4500 |
| 003 - CONTROL NUMBER IDENTIFIER | |
| control field | St Aloysius Coll |
| 005 - DATE AND TIME OF LATEST TRANSACTION | |
| control field | 20260418135740.0 |
| 008 - FIXED-LENGTH DATA ELEMENTS--GENERAL INFORMATION | |
| fixed length control field | 260418b |||||||| |||| 00| 0 eng d |
| 020 ## - INTERNATIONAL STANDARD BOOK NUMBER | |
| International Standard Book Number | 9788198870698 |
| 040 ## - CATALOGING SOURCE | |
| Transcribing agency | AL |
| 041 ## - LANGUAGE CODE | |
| Language code of text/sound track or separate title | English |
| 082 ## - DEWEY DECIMAL CLASSIFICATION NUMBER | |
| Classification number | 791.430954 |
| Item number | HANY |
| 100 ## - MAIN ENTRY--PERSONAL NAME | |
| Personal name | Basil Hans V |
| 9 (RLIN) | 262176 |
| 245 ## - TITLE STATEMENT | |
| Title | Yodel king of hindi films |
| Remainder of title | : kishore kumar |
| 260 ## - PUBLICATION, DISTRIBUTION, ETC. | |
| Place of publication, distribution, etc. | Ghaziabad |
| Name of publisher, distributor, etc. | P&P Academy |
| Date of publication, distribution, etc. | 2025 |
| 300 ## - PHYSICAL DESCRIPTION | |
| Extent | vii, 196p. |
| Other physical details | PB |
| Dimensions | 21.5x13.9cm |
| 365 ## - TRADE PRICE | |
| Source of price type code | General |
| 520 ## - SUMMARY, ETC. | |
| Summary, etc. | Yodel King of Hindi Films: Kishore Kumar is an exploration of his life and legacy. It seeks to uncover not only the milestones of his prolific career but also the moments of struggle, satire, spontaneity, and solitude that defined his journey. From his early days in Khandwa to the peak of his superstardom in Mumbai, from comic brilliance on screen to hauntingly beautiful ballads behind the mic-this book delves into the man behind the magic.ecdotes, sharp insights, and heartfelt tributes, this is a celebration of an artist whose genius still echoes across generations. |
| 650 ## - SUBJECT ADDED ENTRY--TOPICAL TERM | |
| Source of heading or term | Public Performances |
| Topical term or geographic name entry element | Motion Pictures |
| 9 (RLIN) | 262177 |
| 942 ## - ADDED ENTRY ELEMENTS (KOHA) | |
| Source of classification or shelving scheme | Dewey Decimal Classification |
| Koha item type | Book |
| Withdrawn status | Lost status | Source of classification or shelving scheme | Damaged status | Not for loan | Collection code | Home library | Current library | Date acquired | Total Checkouts | Full call number | Barcode | Date last seen | Price effective from | Koha item type |
|---|---|---|---|---|---|---|---|---|---|---|---|---|---|---|
| Dewey Decimal Classification | General | St Aloysius PG Library | St Aloysius PG Library | 04/16/2026 | 791.430954 HANY | PG025253 | 04/18/2026 | 04/18/2026 | Donated Books |